Countries Outside Europe With The Most White Population - Statistics

General Stats
  • This quiz has been taken 750 times
  • The average score is 17 of 20
Answer Stats
% Answer % Correct
76.7 Canada
98%
72.4 United States
98%
76.0 Australia
97%
71.6 New Zealand
95%
85.0 Argentina
91%
47.7 Brazil
91%
52.7 Chile
90%
9.0 Mexico
89%
37.0 Colombia
86%
87.7 Uruguay
86%
8.9 South Africa
85%
43.6 Venezuela
83%
64.1 Cuba
79%
20.0 Paraguay
78%
82.7 Costa Rica
75%
6.1 Ecuador
75%
12.7 El Salvador
68%
18.0 Guatemala
68%
16.0 Dominican Republic
66%
17.0 Nicaragua
66%
No matching quizzes found
Score Distribution
Percent of People with Each Score
Percentile by Number Answered
Your Score History
You have not taken this quiz